|
|
|
|
| LEADER |
00000caa a22000002c 4500 |
| 001 |
1642060224 |
| 003 |
DE-627 |
| 005 |
20220616113259.0 |
| 007 |
tu |
| 008 |
160405s1978 xx ||||| 00| ||ger c |
| 035 |
|
|
|a (DE-627)1642060224
|
| 035 |
|
|
|a (DE-576)463336364
|
| 035 |
|
|
|a (DE-599)BSZ463336364
|
| 040 |
|
|
|a DE-627
|b ger
|c DE-627
|e rakwb
|
| 041 |
|
|
|a ger
|
| 084 |
|
|
|a 1
|2 ssgn
|
| 100 |
1 |
|
|0 (DE-588)1037857461
|0 (DE-627)756358337
|0 (DE-576)161632416
|4 aut
|a Kahl, Brigitte
|d 1950-
|
| 109 |
|
|
|a Kahl, Brigitte 1950-
|
| 245 |
1 |
0 |
|a Wort und Wahrheit
|
| 264 |
|
1 |
|c 1978
|
| 336 |
|
|
|a Text
|b txt
|2 rdacontent
|
| 337 |
|
|
|a ohne Hilfsmittel zu benutzen
|b n
|2 rdamedia
|
| 338 |
|
|
|a Band
|b nc
|2 rdacarrier
|
| 601 |
|
|
|a Wahrheit
|
| 689 |
0 |
0 |
|d u
|0 (DE-588)1069916307
|0 (DE-627)823026426
|0 (DE-576)429599412
|a Bibel
|2 gnd
|p Korintherbrief
|n 2.
|n 2,17
|
| 689 |
0 |
1 |
|d s
|0 (DE-588)4038241-2
|0 (DE-627)104377224
|0 (DE-576)209029196
|2 gnd
|a Meditation
|
| 689 |
0 |
|
|5 (DE-627)
|
| 773 |
0 |
8 |
|i In
|t Standpunkt
|d Berlin : Union-Verl., 1973
|g 6(1978), 3, Seite 61-62
|w (DE-627)166424471
|w (DE-600)186943-7
|w (DE-576)014785056
|x 0323-4304
|7 nnas
|
| 773 |
1 |
8 |
|g volume:6
|g year:1978
|g number:3
|g pages:61-62
|
| 935 |
|
|
|a mteo
|
| 951 |
|
|
|a AR
|
| BIR |
|
|
|a 08002017_08002017
|b biblesearch
|
| ELC |
|
|
|b 1
|
| ITA |
|
|
|a 1
|t 1
|
| LOK |
|
|
|0 000 xxxxxcx a22 zn 4500
|
| LOK |
|
|
|0 001 3305679387
|
| LOK |
|
|
|0 003 DE-627
|
| LOK |
|
|
|0 004 1642060224
|
| LOK |
|
|
|0 005 20160405095843
|
| LOK |
|
|
|0 008 160404||||||||||||||||ger|||||||
|
| LOK |
|
|
|0 040
|a DE-Tue135
|c DE-627
|d DE-Tue135
|
| LOK |
|
|
|0 092
|o n
|
| LOK |
|
|
|0 852
|a DE-Tue135
|
| LOK |
|
|
|0 852 1
|9 00
|
| LOK |
|
|
|0 935
|a ixzs
|a ixmi
|
| LOK |
|
|
|0 939
|a 04-04-16
|b l01
|
| ORI |
|
|
|a SA-MARC-ixtheoa001.raw
|
| STA |
0 |
0 |
|a Meditation,Meditation,Meditations
|
| STB |
0 |
0 |
|a Méditation,Méditation,Méditations
|
| STC |
0 |
0 |
|a Meditación,Meditación,Meditación
|
| STD |
0 |
0 |
|a Meditazione,Meditazione,Meditazioni
|
| STE |
0 |
0 |
|a 冥想,冥想
|
| STF |
0 |
0 |
|a 冥想,冥想
|
| STG |
0 |
0 |
|a Meditação,Meditação
|
| STH |
0 |
0 |
|a Медитация (мотив),Медитация
|
| STI |
0 |
0 |
|a Διαλογισμός (μοτίβο),Διαλογισμός
|
| SYG |
0 |
0 |
|a Konzentration
|